Bedrock geology of the Eagle Harbor quadrangle, Michigan /

Bibliographic Details
Main Author: Cornwall, Henry R. (Henry Rowland), 1913-
Other Authors: Wright, James C. (James Clifton), 1923-1968
Format: Government Document Map
Language:English
Published: Washington, D.C. : U.S. Geological Survey, 1954.
Series:Geologic quadrangle map ; GQ-36.
Subjects:

MARC

Tag First Indicator Second Indicator Subfields
LEADER 00000cem a2200000Ia 4500
001 in00002540321
005 20151113143810.0
007 aj canzn
008 841031s1954 dcuag a f 0 eng d
034 1 |a a  |b 24000  |d W0881500  |e W0880730  |f N0473000  |g N0472230 
035 |a (OCoLC)ocm11330845 
035 |a (OCoLC)11330845 
040 |a YSM  |c YSM  |d UUM  |d OCL  |d DNU  |d OCL  |d OCLCG  |d UPM  |d EZN  |d TXA  |d UtOrBLW 
043 |a n-us-mi 
049 |a TXAM 
050 1 4 |a G3701.C5 svar  |b .G4, GQ-36 
052 |a 4113  |b K5 
086 0 |a I 19.88:GQ-36 
100 1 |a Cornwall, Henry R.  |q (Henry Rowland),  |d 1913- 
245 1 0 |a Bedrock geology of the Eagle Harbor quadrangle, Michigan /  |c Henry R. Cornwall and James C. Wright. 
255 |a Scale 1:24,000  |c (W 88⁰15ʹ00ʺ--W 88⁰07ʹ30ʺ/N 47⁰30ʹ00ʺ--N 47⁰22ʹ30ʺ). 
264 1 |a Washington, D.C. :  |b U.S. Geological Survey,  |c 1954. 
300 |a 1 map :  |b color ;  |c 58 x 39 cm. on sheet 76 x 128 cm., folded to 76 x 64 cm. 
336 |a cartographic image  |b cri  |2 rdacontent 
337 |a unmediated  |b n  |2 rdamedia 
338 |a sheet  |b nb  |2 rdacarrier 
490 1 |a Geologic quadrangle maps of the United States ;  |v GQ-36 
500 |a "Datum is mean sea level." 
504 |a Includes text and bibliographical references. 
500 |a Cartographic material. 
650 0 |a Geology  |z Michigan  |z Keweenaw County  |v Maps. 
700 1 |a Wright, James C.  |q (James Clifton),  |d 1923-1968. 
830 0 |a Geologic quadrangle map ;  |v GQ-36. 
994 |a C0  |b TXA 
948 |a cataloged  |b h  |c 2010/02/02  |e rzeske  |f 03:08:15 pm 
999 |a MARS 
999 f f |s 12324dbd-529e-3f5c-b690-7c029a72f89f  |i 386197e7-0267-3a1f-847a-2cc4145bc242  |t 0 
952 f f |p normal  |a Texas A&M University  |b College Station  |c Sterling C. Evans Library  |d Evans: Maps File (2nd floor)  |t 0  |e I 19.88:GQ-36  |h Superintendent of Documents classification  |i unmediated -- sheet  |m A14837825195 
998 f f |a I 19.88:GQ-36  |t 0  |l Evans: Maps File (2nd floor)